Word Ladder: Popular Soft Drink Quiz Stats

 Plays Quiz Updated Oct 13, 2014

Challenge
Share
Tweet
Embed
Score 0/28 Timer 03:00
3 Plays Today
Clue 4-Letter Word % Correct
Flamingo's colorPINK
95.7%
Baby bottle contentsMILK
93.9%
Hourglass fillerSAND
93.7%
A place for shoppingMALL
92.8%
Where bats might liveCAVE
92.2%
Metallica or Korn, e.g.BAND
91.8%
Superman costume partCAPE
91.7%
CorridorHALL
91.4%
ChilledCOLD
91.4%
Flour factoryMILL
90.5%
Soft, lustrous fiberSILK
90.1%
Jack or ten, e.g.CARD
89.7%
With [First Rung], a popular soda brandCOKE
89.5%
DescendSINK
88.8%
Clue 4-Letter Word % Correct
Courageous or daringBOLD
88.1%
Grocery carrierCART
88%
It can be used for extensionCORD
87.8%
Fleming's spyBOND
87.8%
Half-off eventSALE
87.4%
Contend with difficultiesCOPE
86.5%
Stuff the piggy bankSAVE
85.9%
Sonar soundPING
84%
Crooned SANG
82.7%
Sharp pain, as from hungerPANG
82.4%
FitHALE
82.3%
Feathered missile DART
81.9%
Word before poor or cheapDIRT
80.7%
With [Last Rung], a popular soda brandDIET
68.5%

Today's Daily Dose

Missing Word
TV HA - HZ

Word Ladder
Nordic Capital

On This Day
January 19th II

You're not logged in!

Compare scores with friends on all Sporcle quizzes.
OR
Log In

You Might Also Like...

Show Comments

Extras

Top Quizzes Today


Score Distribution

Your Account Isn't Verified!

In order to create a playlist on Sporcle, you need to verify the email address you used during registration. Go to your Sporcle Settings to finish the process.

Report this User

Report this user for behavior that violates our Community Guidelines.

Details: